|
|
|
|
| LEADER |
00930nam a22002892a 4500 |
| 001 |
000872627 |
| 003 |
CZ BrMZK |
| 005 |
20150325101253.0 |
| 007 |
ta |
| 008 |
071025s1985 xr a er|||||||||||cze d |
| 015 |
|
|
|a cnb000010302
|
| 035 |
|
|
|a (OCoLC)85566861
|
| 040 |
|
|
|a ABA001
|b cze
|d ABA001
|
| 080 |
9 |
|
|a 355/359
|
| 080 |
9 |
|
|a 629
|
| 100 |
1 |
|
|a Hejl, Zdeněk
|7 xx0116679
|4 aut
|
| 245 |
1 |
0 |
|a Pásové podvozky řady GM /
|c Zdeněk Hejl ; kresby Milan Hladký
|
| 250 |
|
|
|a 1. vyd.
|
| 260 |
|
|
|a Praha :
|b Naše vojsko,
|c 1985
|
| 300 |
|
|
|a 122 s. :
|b obr., pl., ukázky formulářů ;
|c 15 cm
|
| 500 |
|
|
|a Vydavatel: Min. nár. obrany
|
| 700 |
1 |
|
|a Hladký, Milan
|7 jx20040130008
|4 ill
|
| 710 |
1 |
|
|a Československo.
|b Ministerstvo národní obrany
|7 ko2004264013
|
| 910 |
|
|
|a BOA001
|b 1-0892.686
|
| 990 |
|
|
|a BK
|
| 991 |
|
|
|b 200710
|
| 996 |
6 |
|
|b 2619256739
|c 1-0892.686
|l MZK
|r Sklad / do 1 hodiny
|n 2
|w 000872627
|u 000010
|a 1
|e BOA001
|j MZK50
|s P
|